La gerencia en tiempos difíciles /
Guardado en:
| Autor Principal: | |
|---|---|
| Formato: | Libro |
| Idioma: | Spanish English |
| Publicado: |
Madrid : Argentina :
Ediciones Orbis ; Hyspamérica,
1985.
|
| Series: | Biblioteca de la empresa ;
23. |
| Materias: | |
| Etiquetas: |
Agregar Etiqueta
Sin Etiquetas, Sea el primero en etiquetar este registro!
|
| LEADER | 00793nam a22002175 4500 | ||
|---|---|---|---|
| 001 | EAD.ead003370 | ||
| 008 | 080718s1985####sp#######b####001#0#spa#d | ||
| 005 | 20130318105540.0 | ||
| 245 | 1 | 3 | |a La gerencia en tiempos difíciles / |c Peter F. Drucker. |
| 260 | |a Madrid : |b Ediciones Orbis ; |a Argentina : |b Hyspamérica, |c 1985. | ||
| 300 | |a 189 p. ; |c 22 cm. | ||
| 490 | 1 | |a Biblioteca de la empresa ; |v 23 | |
| 504 | |a Incluye referencias bibliográficas e índice. | ||
| 020 | |a 8476344295 | ||
| 100 | 1 | |a Drucker, Peter F. |q (Peter Ferdinand), |d 1909-2005. | |
| 830 | 0 | |a Biblioteca de la empresa ; |v 23. | |
| 082 | 0 | 4 | |a 658.4 |2 21 |
| 650 | 7 | |a Administración de empresas. |2 unbist | |
| 650 | 7 | |a Inflación. |2 unbist | |
| 041 | 1 | |a spa |h eng | |
| 859 | |a AR-BaBDC |b BIB. ADMINISTRACION GABCOOP - Libros |h 658.4 |i D84-2 |p g00872 | ||
